Cities of Brevard County, Florida - Statistics

General Stats
  • This quiz has been taken 15 times
  • The average score is 10 of 16
Answer Stats
Answer Population % Correct
Melbourne 86,548
91%
Palm Bay 129,173
91%
Cocoa 19,561
82%
Cocoa Beach 11,342
82%
Titusville 49,326
82%
Melbourne Beach 3.244
73%
Satellite Beach 11,277
73%
Grant-Valkaria 4,709
64%
Malabar 3,063
64%
Rockledge 28,488
64%
West Melbourne 28,836
64%
Cape Canaveral 9,988
55%
Indian Harbour Beach 9,005
55%
Indialantic 3,068
45%
Palm Shores 1,203
27%
Melbourne Village 684
0%
No matching quizzes found
Score Distribution
Percent of People with Each Score
Percentile by Number Answered
Your Score History
You have not taken this quiz